Open Data Biblioteca Nacional de Portugal


República Portuguesa: Ministério da Cultura
Biblioteca Nacional de Portugal

Catálogo da BNP: acesso por Identificadores Unívocos
Registos Bibliográficos associados ao registo de autoridade

Etiqueta de registo: 00000nkm 2200025 450
001 2275751
003 http://id.bnportugal.gov.pt/bib/catbnp/2275751
100 ## $a20260304d1990 m y0pory01030103ba
101 0# $apor
102 ## $aPT
200 1# $aMaratona do Cávado, Campeonato Nacional, Prado, 22-04-90$bVisual gráfico]$fClube Náutico de Prado, Federação Portuguesa de Canoagem$gJomy
210 #9 $a[S.l.]$cClube Náutico de Prado$cFederação Portuguesa de Canoagem,$d1990
215 ## $a1 cartaz$ccolor.$d61,8x43,5 cm
316 ## $aCartaz contém um pedaço de fita cola na parte superior direita do documento, dano resultante da remoção de uma fita cola na parte superior esquerda$5PTBN: CT. 23137 A.
317 ## $aColeção Madeira Luís
702 #1 $aJomy$4440$31988922
710 02 $aMaratona do Cávado,$bCampeonato Nacional,$ePrado (Vila Verde),$f1990$31988921
712 02 $aClube Naútico de Prado$4557$3213339
712 02 $aFederação Portuguesa de Canoagem$4557$349396
801 #0 $aPT$bBN$gRPC
966 ## $lBN$mICONOG$sCT. 23137 A.$x3
971 ## $cCaticonografia1$d20260304
995 ## $aPRR2026

OpendataBNP@bnportugal.pt | Mais informação sobre acesso aos dados BNP